| 000 | 01055cam a22003011 4500 | ||
|---|---|---|---|
| 001 | 612 | ||
| 003 | BD-RjUL | ||
| 005 | 20211208233215.0 | ||
| 008 | 131130s1962 fr b 000 0 eng | ||
| 035 | _a(BD-RjUL)630 | ||
| 035 | _a(OCoLC)574661 | ||
| 040 |
_aDLC _cODaWU _dOCoLC _dUk _dBD-RjUL _beng |
||
| 041 | 1 |
_aeng _hfre |
|
| 082 | 0 | 4 |
_a010.78 _220 _bGRS 1962 |
| 100 | 1 |
_aGrolier, Eric de. _91872 |
|
| 245 | 0 | 2 |
_aA study of general categories applicable to classification and coding in documentation / _cEric de Grolier. |
| 260 |
_aParis : _bUnesco, _cc1962. |
||
| 300 |
_a248 p. ; _c22 cm. |
||
| 500 | _aTranslation from the French text, by the National Science Foundation. Revised by Anthony Thompson. | ||
| 504 | _aBibliographical references included in "Notes" (p. 161-248) | ||
| 650 | 0 |
_aClassification. _91873 |
|
| 650 | 0 |
_aSubject headings. _91585 |
|
| 650 | 0 |
_aInformation storage and retrieval systems. _91398 |
|
| 650 | 0 |
_aProgramming languages (Electronic computers) _91026 |
|
| 942 |
_2ddc _cBK |
||
| 999 |
_c612 _d612 |
||